LEADER 01139nlm 22003133 450 001 996486371503316 005 20220916105145.0 010 $a978-3-11-242278-6 100 $a20220406d2021---- uy 0 101 0 $ager 102 $aDE 105 $ay 00 y 135 $adrcnu 200 1 $aRückblick und Perspektiven$fedited by Claus-Dieter Krohn 210 1 $aBerlin/Boston$cWalter de Gruyter GmbH$d2021 215 $aTesto elettronico (PDF) (240 p.) 225 2 $aExilforschung$v14 230 $aBase dati testuale 330 $aL'annuario interdisciplinare è dedicato alla ricerca delle condizioni, delle manifestazioni e delle riflessioni culturali dell'esilio. Il tema centrale della fuga e dell'esilio come risultato della dittatura nazionalsocialista è combinato con la ricerca su altri esiliati, compresi quelli attuali. 410 0$aExilforschung 606 0 $2BNCF$aEsilio 676 $aSSS 700 1$aKROHN,$bClaus-Dieter$0223306 801 0$aIT$bcba$cREICAT$gREICAT 912 $a996486371503316 959 $aEB 969 $aER 996 $aRückblick und Perspektiven$92910009 997 $aUNISA LEADER 04697nam 2200481 450 001 996464533803316 005 20220124091438.0 010 $a3-030-61905-2 024 7 $a10.1007/978-3-030-61905-3 035 $a(CKB)4100000011931187 035 $a(DE-He213)978-3-030-61905-3 035 $a(MiAaPQ)EBC6623873 035 $a(Au-PeEL)EBL6623873 035 $a(OCoLC)1251766322 035 $a(PPN)255882211 035 $a(EXLCZ)994100000011931187 100 $a20220124d2021 uy 0 101 0 $aeng 135 $aurnn#008mamaa 181 $ctxt$2rdacontent 182 $cc$2rdamedia 183 $acr$2rdacarrier 200 00$aDigital anatomy $eapplications of virtual, mixed and augmented reality /$fJean-Franc?ois Uhl [and three others], editors 205 $a1st ed. 2021. 210 1$aCham, Switzerland :$cSpringer,$d[2021] 210 4$d©2021 215 $a1 online resource (XIV, 385 p. 218 illus., 202 illus. in color.) 225 1 $aHuman-computer interaction series 311 $a3-030-61904-4 327 $aChapter 1. Introduction -- Chapter 2. From anatomical dissection to computerized assisted anatomical dissection -- Part I. Imaging Segmentation & Reconstruction -- Chapter 3. The interest of 3d modeling from anatomical or histological slices for research: Methodology and results of Computer-Assisted Anatomical Dissection (CAAD) method -- Chapter 4. Technique of Volume Rendering from DICOM data (MDCT) applied to the study of Virtual Anatomy -- Chapter 5. 3D vectorial modeling from anatomical slices: building of a 3D Atlas -- Chapter 6. Segmentation software from VRT reconstruction -- Chapter 7. 3D Reconstruction of CT images using Free Software Tools -- Chapter 8. Statistical analysis of organ?s shapes and deformations: the Riemannian and the affine settings in computational anatomy -- Part II. Applications -- Chapter 9. Patient Specific Anatomy : the new area of anatomy based on 3D modelling -- Chapter 10. High fidelity 3D anatomical visualization of the fiber bundles of ^ Mixed Reality Virtual Dissection Table -- Chapter 13. The Road to Birth: Using Extended Reality to visualize pregnancy anatomy -- Chapter 14. Innovations in Microscopic Neurosurgery -- Chapter 15. Cataracts, VR and Digital Anatomy -- Part III. Education -- Chapter 16. VR Simulation for Radiation Therapy Education -- Chapter 17. Towards Constructivist Approach Using Virtual Reality in Anatomy Education -- Chapter 18. InNervate AR: Mobile Augmented Reality for Studying Motor Nerve Deficits in Anatomy Education -- Chapter 19. Virtual and augmented reality for educational anatomy. 330 $aThis book offers readers fresh insights on applying Extended Reality to Digital Anatomy, a novel emerging discipline. Indeed, the way professors teach anatomy in classrooms is changing rapidly as novel technology-based approaches become ever more accessible. Recent studies show that Virtual (VR), Augmented (AR), and Mixed-Reality (MR) can improve both retention and learning outcomes. Readers will find relevant tutorials about three-dimensional reconstruction techniques to perform virtual dissections. Several chapters serve as practical manuals for students and trainers in anatomy to refresh or develop their Digital Anatomy skills. We developed this book as a support tool for collaborative efforts around Digital Anatomy, especially in distance learning, international and interdisciplinary contexts. We aim to leverage source material in this book to support new Digital Anatomy courses and syllabi in interdepartmental, interdisciplinary collaborations. Digital Anatomy ? Applications of Virtual, Mixed and Augmented Reality provides a valuable tool to foster cross-disciplinary dialogues between anatomists, surgeons, radiologists, clinicians, computer scientists, course designers, and industry practitioners. It is the result of a multidisciplinary exercise and will undoubtedly catalyze new specialties and collaborative Master and Doctoral level courses world-wide. In this perspective, the UNESCO Chair in digital anatomy was created at the Paris Descartes University in 2015 (www.anatomieunesco.org). It aims to federate the education of anatomy around university partners from all over the world, wishing to use these new 3D modeling techniques of the human body. 410 0$aHuman-computer interaction series. 606 $aVirtual reality in education 615 0$aVirtual reality in education. 676 $a371.33468 702 $aUhl$b Jean-Franc?ois 801 0$bMiAaPQ 801 1$bMiAaPQ 801 2$bMiAaPQ 906 $aBOOK 912 $a996464533803316 996 $aDigital Anatomy$91902292 997 $aUNISA LEADER 02423nam 2200421Ia 450 001 996396566703316 005 20221107221152.0 035 $a(CKB)4330000000333278 035 $a(EEBO)2264172347 035 $a(UnM)9928649200971 035 $a(EXLCZ)994330000000333278 100 $a19851003d1700 uy | 101 0 $aeng 135 $aurbn||||a|bb| 200 14$aThe second and third parts of the vvorks of Mr. Abraham Cowley$b[electronic resource] $eThe second containing what was written and published by himself in his younger years: now reprinted together. The seventh edition, with additions. The third containing his six books of plants: viz. The first and second of herbs. The third and fourth of flowers. The fifth and sixth of trees. Now made English by several hands. With necessary tables to both parts, and several poems in praise of the author. Licensed and entred 205 $a[The second edition] 210 $aLondon $cPrinted [by Mary Clark] for Charles Harper, at the Flower-de-luce over against S. Dunstan's Church in Fleet-street$d1700 215 $a[16], 161, [23], 166, [2] p., [1] leaf of plates $cill 300 $aThe second printing of parts 2 and 3 together, viz. the seventh edition of part 2 and the second edition of part 3. 300 $aPrinter's name from part 2 title page. 300 $aFrontis. plate signed: R. White sculp:. 300 $aWith separate dated title page for part 2 (Wing C6664C) and part 3 (C6666) and each section in part 2. 300 $aIncludes index for part 3, p. [1]-[2] at end. 300 $aPart 3 is a translation of "Poemata Latina, in quibus continentur sex libri plantarum, viz. herbarum, florum, sylvarum et unus miscellaneorum." 300 $aReproduction of original in the Henry E. Huntington Library. 327 $aPart 2. Constantia and philetus -- The tragical history of Piramus and Thisbe -- Sylva, or, divers copies of verses, made upon sundry occasions -- Loves riddle, a pastoral comedy -- Naufragium joculare, comoedia. 330 $aeebo-0113 700 $aCowley$b Abraham$f1618-1667.$0131531 701 $aWhite$b Robert$f1645-1703.$0845954 801 0$bCu-RivES 801 1$bCu-RivES 801 2$bCStRLIN 801 2$bCu-RivES 801 2$bWaOLN 906 $aBOOK 912 $a996396566703316 996 $aThe second and third parts of the vvorks of Mr. Abraham Cowley$92306049 997 $aUNISA